Ces Femmes qui reprennent le pouvoir sur leur vie (Record no. 63449)

MARC details
000 -LEADER
fixed length control field 00606nam a22002057a 4500
003 - CONTROL NUMBER IDENTIFIER
control field 00
005 - DATE AND TIME OF LATEST TRANSACTION
control field 20251015152837.0
008 - FIXED-LENGTH DATA ELEMENTS--GENERAL INFORMATION
fixed length control field 251015b |||||||| |||| 00| 0 eng d
020 ## - NUMERO INTERNATIONAL NORMALISE DES LIVRES
International Standard Book Number 978--35745-707-2
040 ## - SOURCE DU CATALOGAGE
Original cataloging agency BUAC
Language of cataloging BUC
Transcribing agency Fre
041 ## - CODE DE LANGUE
Language code of text/sound track or separate title Fr
100 ## - VEDETTE PRINCIPALE - NOM DE PERSONNE
Personal name Nolen-Hoeksema Susan
245 ## - TITLE STATEMENT
Title Ces Femmes qui reprennent le pouvoir sur leur vie
Remainder of title / par Susan Nolen-Hoeksema
260 ## - PUBLICATION, DISTRIBUTION, ETC. (IMPRINT)
Place of publication, distribution, etc Paris :
Name of publisher, distributor, etc NouveauHorizon,
Date of publication, distribution, etc 2023.
300 ## - PHYSICAL DESCRIPTION
Extent 510 p.
Other physical details Couv.ill en coul,
Dimensions 18 cm.
630 ## - SUBJECT ADDED ENTRY--UNIFORM TITLE
Uniform title PHYLOSOPHIE-PSYCHOLOGIE
651 ## - SUBJECT ADDED ENTRY--GEOGRAPHIC NAME
Geographic name DEVELOPPEMENT
651 ## - SUBJECT ADDED ENTRY--GEOGRAPHIC NAME
Geographic name Progrès de la personnalité
942 ## - ADDED ENTRY ELEMENTS (KOHA)
Source of classification or shelving scheme Dewey Decimal Classification
Koha item type Libre Accès
Holdings
Withdrawn status Lost status Source of classification or shelving scheme Damaged status Not for loan Location (home branch) Sublocation or collection (holding branch) Shelving location Date acquired Source of acquisition Coded location qualifier Koha issues (times borrowed) Koha full call number Piece designation (barcode) Koha date last seen Copy number Price effective from Koha item type
    Dewey Decimal Classification     Bibliothèque Universitaire Centrale Bibliothèque Universitaire Centrale   15/10/2025 ACHAT 24/0063   159.923.2NOL 24-0063Buc 15/10/2025 1 15/10/2025 Libre Accès


© 2008, Bibliothèques de l'Université d'Abomey-Calavi

04 BP 789 Cotonou, Tél. : +229 21 36 01 01, Fax : +229 21 35 06 32

Courriel : bu@bu.uac.bj